| 000 | 00751nam a2200289Ia 4500 | ||
|---|---|---|---|
| 001 | 10342 | ||
| 005 | 20240113235217.0 | ||
| 007 | ta | ||
| 008 | 050802s1968 g b000 u eng u | ||
| 040 | _aCotton College,Assam | ||
| 041 | _aeng | ||
| 082 |
_a336.8 _bT 737 P |
||
| 100 | _aTripathy, Ram Niranjan. | ||
| 245 | 0 |
_aPublic Finance in Underdeveloped Countries / _cRam Niranjan Tripathy. _hTextual Documents |
|
| 250 | _a2nd ed. / | ||
| 260 |
_aCalcutta : _bWorld Press , _c1968. |
||
| 300 |
_a419p. ; _c22cm. |
||
| 504 | _aBib. | ||
| 653 | _aEconomics | ||
| 653 | _aPublic Finance | ||
| 653 | _aFinance-Public | ||
| 653 | _aMS-Economics | ||
| 942 |
_2ddc _cBK |
||
| 999 |
_c10329 _d10329 |
||